Indian Sociology : (Record no. 10333)

MARC details
000 -LEADER
fixed length control field 00560cam a2200193ua 4500
008 - FIXED-LENGTH DATA ELEMENTS--GENERAL INFORMATION
fixed length control field 190925n ii |||gr||||Z||||||eng
020 ## - INTERNATIONAL STANDARD BOOK NUMBER
International Standard Book Number 9780198092049
040 ## - CATALOGING SOURCE
Transcribing agency MAIN
082 ## - DEWEY DECIMAL CLASSIFICATION NUMBER
Classification number 301.0954
100 ## - MAIN ENTRY--PERSONAL NAME
Personal name Yogendra Singh . ,
Relator term
245 ## - TITLE STATEMENT
Title Indian Sociology :
Remainder of title Identity, communication and culture /
Statement of responsibility, etc. Edited by Yogendra Singh .
250 ## - EDITION STATEMENT
Edition statement 1st ed. /
Remainder of edition statement Vol. 3.
260 ## - PUBLICATION, DISTRIBUTION, ETC.
Place of publication, distribution, etc. New Delhi:
Name of publisher, distributor, etc. Oxford University Press,
Date of publication, distribution, etc. 2014.
300 ## - PHYSICAL DESCRIPTION
Extent 403p.
942 ## - ADDED ENTRY ELEMENTS (KOHA)
Koha item type Books
653 ## - INDEX TERM--UNCONTROLLED
Uncontrolled term Sociology & anthropology
653 ## - INDEX TERM--UNCONTROLLED
Uncontrolled term Indian Sociology
Holdings
Withdrawn status Lost status Damaged status Not for loan Home library Current library Shelving location Date acquired Total Checkouts Full call number Barcode Date last seen Copy number Price effective from Koha item type
        Central Library, Naharkatiya College Central Library, Naharkatiya College General Stacks 19/09/2020   301.0954 | SIN 27321 19/09/2020 1 19/09/2020 Books

Naharkatiya College © 2020. All rights reserved.

Powered By